La estética como ideología

Gespeichert in:
Bibliographische Detailangaben
1. Verfasser: Eagleton, Terry (VerfasserIn)
Format: Buch
Sprache:Spanisch
Veröffentlicht: Madrid Trotta 2006
Schriftenreihe:Colección Estructuras y Procesos. Serie Filosofía
Schlagworte:
Tags: Tag hinzufügen
Keine Tags, Fügen Sie den ersten Tag hinzu!

MARC

LEADER 00000nam a2200000 a 4500
001 UCI4098
003 CL-VaPUC
008 071221e20060000SP |||||||||||||||||spa|d
020 |a 8481648272 
082 0 4 |a 192  |b EAG  |2 21 
100 0 |a Eagleton, Terry  |e author  |9 525774 
245 1 3 |a La estética como ideología 
300 |a 514 p 
942 |c BK 
945 |d 20071221 00:00:00  |a rbrito 
260 |a Madrid  |b Trotta  |c 2006 
650 0 |a Filosofía inglesa  |9 255676 
650 0 |a Estética   |9 264950 
650 0 |a Filosofía contemporánea  |9 265372 
583 |a last modification  |c 20071221 00:00:00  |k Rodrigo Vera 
490 0 |a Colección Estructuras y Procesos. Serie Filosofía 
999 |c 328091  |d 328089 
952 |0 0  |1 0  |4 0  |6 192_000000000000000_EAG_2006  |7 0  |8 A  |9 411824  |a BIBART  |b BIBART  |d 2019-11-22  |i 4435508  |o 192 EAG 2006  |p 4435508  |r 2025-03-13  |w 2019-11-22  |y BK  |k ART